Statistics for Largest Islands of Croatia Quiz - Map

Click here to take the quiz!

General Stats

  • This quiz has been taken 712 times
  • The average score is 7 of 10

Answer Stats

Island % Correct
Krk
89%
Hvar
78%
Cres
74%
Brač
73%
Korčula
71%
Pag
65%
Vis
61%
Rab
57%
Mljet
56%
Dugi Otok
55%

Score Distribution

Percentile by Number Answered

Percent of People with Each Score

Your Score History

You have not taken this quiz